| 000 | 00731cab a2200241 4500 | ||
|---|---|---|---|
| 001 | WB3508-04 | ||
| 008 | 090401t1999 xxu||||| |||| 00| 0 eng d | ||
| 035 | _a(Sirsi) u91540 | ||
| 041 | _aeng | ||
| 245 | _aScottish builders bucking the trend | ||
| 260 | _c1999 | ||
| 350 | _a0 | ||
| 490 |
_aHerald _v22 February 1999, 16(1) |
||
| 520 | _aAccording to a recent report by the Scottish Building Employers` Federation Scottish construction companies are doing better than the national trend. | ||
| 650 | _aCONSTRUCTION COMPANIES | ||
| 650 | _aCONSTRUCTION MARKET | ||
| 650 | _aOUTPUT | ||
| 650 | _aSCOTLAND | ||
| 650 | _aWORKLOAD | ||
| 690 | _aBUILDING AND CONSTRUCTION-ECONOMICS | ||
| 942 | _n0 | ||
| 948 | _c23/02/1999 | ||
| 999 |
_c58116 _d58116 |
||